Statistiken für Länder in der Nähe von Bosnien und Herzegowina

Klicken Sie hier um das Quiz zu spielen!

Allgemein

  • Dieses Quiz wurde 184 mal gespielt
  • Das Durchschnittsergebnis liegt bei 18 aus 20

Antwortstatistiken

KmLand% Korrekt
0Kroatien
100%
162Österreich
99%
0Serbien
99%
0Montenegro
97%
45Slowenien
97%
221Bulgarien
96%
282Griechenland
96%
94Albanien
95%
153Italien
95%
96Kosovo
95%
68Ungarn
95%
129Rumänien
92%
282Slowakei
90%
438Schweiz
88%
331Deutschland
85%
372Tschechien
83%
271San Marino
75%
436Ukraine
72%
400Vatikanstadt
70%
196Nordmazedonien
63%

Verteilung der Resultate

Perzentil nach korrekt beantworteten Fragen

Anzahl Personen mit jedem Resultat

Ihre Resultats-Entwicklung

Sie haben dieses Quiz noch nicht gespielt